Datum a čas kvízu
31.5
Celkem bodů
Celkový počet nahraných bodů na tomto kvízu bez doplňovacích otázek.
4.
Pořadí na kvízu
Konečné umístění týmu na tomto kvízu.
Zaznamenané odpovědi
| # | Otázka | Odpověď | Body | Výsledky |
|---|---|---|---|---|
| 1. | Symbolický poslední vozík s tu... | Lazy | 0 | |
| 2. | O tom, že Pláničkova metoda zv... | Pomocí virtuální reality. | 1 | |
| 3. | V úterý oslavila 80. narozenin... | Tina Turner | 1 | |
| 4. | Francouzská skupina LVMH (Moët... | Tiffany (& Co.) | 0 | |
| 5. | Zápas mezi Slavii a Interem si... | Miloš Zeman | 1 | |
| 6. | V tomto tématu se podíváme na... | A) pestík | 1 | |
| 7. | Časopis Květy je zřejmě nejsta... | A | 0 | |
| 8. | Nestorka českého ženského teni... | Peschke | 1 | |
| 9. | Z následujících rostlin vybert... | D | 1 | |
| 10. | Zřejmě nejslavnější českou fil... | dědeček vycinkal | 1 |